000 01333cam a22002418i 4500
999 _c12623
_d12623
003 OSt
005 20240429195436.0
008 230215s2023 nju b 001 0 eng
020 _a9781119853374
_q(paperback)
082 0 0 _a720
_223/eng/20230222
_bCHI
100 1 _aChing, Francis D. K.,
_d1943-
_eauthor.
245 1 0 _aArchitecture :
_bform, space, & order /
_cFrancis D.K. Ching.
250 _aFifth edition.
263 _a2305
300 _apages cm
504 _aIncludes bibliographical references and index.
520 _a"For more than forty years, the beautifully illustrated Architecture: Form, Space, and Order has served as the classic introduction to the basic vocabulary of architectural design. The updated and revised Fifth Edition features the fundamental elements of space and form, illustrated with many new precedents and discussions of the latest technology trends. It is designed to encourage critical thought in order to promote a more evocative understanding of architecture"--
650 0 _aArchitecture
_xComposition, proportion, etc.
650 0 _aSpace (Architecture)
776 0 8 _iOnline version:
_aChing, Francis D. K., 1943-
_tArchitecture.
_bFifth edition
_dHoboken, New Jersey : Wiley, [2023]
_z9781119853398
_w(DLC) 2023007034
942 _2ddc